| 000 | 00709nam a22002532 4500 | ||
|---|---|---|---|
| 999 |
_c18606 _d18606 |
||
| 001 | 0000023447 | ||
| 003 | OSt | ||
| 005 | 20201112151304.0 | ||
| 008 | 121204s xx 000 0 eng d | ||
| 020 | _a9781260098563 | ||
| 040 |
_aKABU _cKABU |
||
| 050 |
_aQA 76.5 _b.O44 2019 C.1 |
||
| 100 | 1 | _aO'Leary, Timothy J. | |
| 245 | 1 | 0 |
_aComputing essentials / _cTimothy J. O'Leary, Linda I. O'Leary. |
| 250 | _aintoductory ed. | ||
| 260 |
_aNew York : _bMcGraw-Hill, _c2019. |
||
| 300 | _axxv, 392 p. | ||
| 650 | 0 | _aComputers. | |
| 650 | 0 | _aElectronic data processing. | |
| 700 | 1 | _aO'Leary, Linda I. | |
| 908 | _a121204 | ||
| 942 |
_2lcc _cBK |
||